000 00374nam a2200145 i 4500
001 bg
100 1 _aARTAMONOV, G. T.
245 0 _aAnaliz proizvoditelnosti CVM metodami teorii massovogo obslużivanija /
_cG.T. Artamonov.
260 _aMoskva,
_c1972.
040 _cBPK
041 _apol
080 _a681.32
942 _cKS
008 s pl f |000 0 pol
999 _c14915
_d14915
856 _uhttp://koha.tu.koszalin.pl/cgi-bin/koha/opac-detail.pl?biblionumber=14915
_yKatalog online BPK